000 00682nam a2200217Ia 4500
003 GCL
005 20240530102335.0
008 140319s9999 xx 000 0 ara d
040 _aGCL /
_cGCL
082 0 4 _a370.15
_bد ن
100 1 _aمصطفى فهمى
245 1 0 _aالنشاط التلقائى والتعليم الخلاق /
_cمصطفى فهمى
260 _a[S.N] :
_bدار النهضة العربية ،
_c1965
490 _aالتعليم فى ضوء التجارب
_v0
650 0 4 _aالتربية
650 0 4 _aالاخلاق
700 1 _aفيشردارو، هيلين
700 1 _aالين ,فان
700 1 _aنجيب اسكندر
942 _2ddc
_cBK
999 _c31537
_d31537